000
00315nam a22001217a 4500
008
180212b xxu||||| |||| 00| 0 eng d
041
_a
eng
080
_a
159.9
100
_a
49
101
_a
PSI
245
_a
Training about alcohol and substance abuse for all primary care physician
_c
Lewis,D.C
942
_2
udc
_c
BK
999
_c
42274
_d
42274